JUSTICE V R KRISHNIYER (Record no. 51615)

MARC details
000 -LEADER
fixed length control field 00468nam a2200181Ia 4500
003 - CONTROL NUMBER IDENTIFIER
control field OSt
005 - DATE AND TIME OF LATEST TRANSACTION
control field 20220420110512.0
008 - FIXED-LENGTH DATA ELEMENTS--GENERAL INFORMATION
fixed length control field 211109s9999||||xx |||||||||||||| ||und||
040 ## - CATALOGING SOURCE
Transcribing agency SBCL
082 ## - DEWEY DECIMAL CLASSIFICATION NUMBER
Classification number 920
Item number RAV-J
100 ## - MAIN ENTRY--PERSONAL NAME
Personal name RAVI KURIKKAD
245 #0 - TITLE STATEMENT
Title JUSTICE V R KRISHNIYER
Remainder of title JANAHRUDHAYANGALIL ORU NYAYADHIPAN
260 ## - PUBLICATION, DISTRIBUTION, ETC.
Name of publisher, distributor, etc. DC BOOKS
Place of publication, distribution, etc. Kottayam
Date of publication, distribution, etc. 1995
300 ## - PHYSICAL DESCRIPTION
Extent 118
630 ## - SUBJECT ADDED ENTRY--UNIFORM TITLE
General subdivision General stack
650 ## - SUBJECT ADDED ENTRY--TOPICAL TERM
Topical term or geographic name entry element BIOGRAPHY
942 ## - ADDED ENTRY ELEMENTS (KOHA)
Koha item type BOOK
650 ## - SUBJECT ADDED ENTRY--TOPICAL TERM
Form subdivision JUSTICE V R KRISHNIYER
Holdings
Withdrawn status Lost status Source of classification or shelving scheme Damaged status Not for loan Home library Current library Date acquired Full call number Barcode Shelving location Date last seen Price effective from Koha item type
    Dewey Decimal Classification     SB LIBRARY SB LIBRARY 09/11/2021 920 RAV-J 00092840 GENERAL STACK 09/11/2021 09/11/2021 BOOK

Powered by Koha